[Event "61. BEM 2007"]
[Site "Dortmund"]
[Date "2007.03.08"]
[Round "6.10"]
[White "Borjini, Mohamed"]
[Black "Flierdl, Lothar"]
[Result "1/2-1/2"]
[WhiteElo "1965"]
[BlackElo "1646"]
[PlyCount "75"]
[EventDate "2007.??.??"]
[Source "SG Dortmund"]
[SourceDate "2004.12.16"]

1. e4 c5 2. Nc3 e5 3. g3 Nf6 4. Bg2 d6 5. Nge2 Nc6 6. O-O Be7 7. d3 O-O 8. h3
a6 9. f4 b5 10. f5 b4 11. Nd5 Nxd5 12. exd5 Nd4 13. g4 Bh4 14. c3 Nxe2+ 15.
Qxe2 a5 16. c4 Bg5 17. Bxg5 Qxg5 18. Rf2 Qh4 19. Qe3 f6 20. Raf1 h6 21. Be4 Bd7
22. Rg2 Kf7 23. Qg3 Qxg3 24. Rxg3 Rh8 25. h4 Rag8 26. Rf2 a4 27. Rfg2 Be8 28.
g5 hxg5 29. hxg5 Kf8 30. a3 b3 31. Kf2 Bf7 32. g6 Be8 33. Kg1 Rh6 34. Rh2 Rgh8
35. Rxh6 Rxh6 36. Kg2 Bd7 37. Rh3 Rxh3 38. Kxh3 1/2-1/2

[Event "61. BEM 2007"]
[Site "Dortmund"]
[Date "2007.03.08"]
[Round "6.11"]
[White "Kropp, Andreas"]
[Black "Schröder, Thomas"]
[Result "1-0"]
[WhiteElo "1821"]
[BlackElo "1581"]
[PlyCount "51"]
[EventDate "2007.??.??"]
[Source "SG Dortmund"]
[SourceDate "2004.12.16"]

1. Nf3 b6 2. d4 e6 3. c4 Bb7 4. a3 Nf6 5. Nc3 Be7 6. Qc2 d6 7. Bg5 O-O 8. e4
Nfd7 9. Bf4 Re8 10. Bd3 Nf8 11. O-O-O Nbd7 12. h4 c5 13. d5 exd5 14. Nxd5 Bxd5
15. cxd5 a6 16. h5 b5 17. g4 c4 18. Be2 a5 19. Nd4 Nb6 20. Nxb5 Rb8 21. Na7 Qd7
22. Nc6 Rbc8 23. Bf3 a4 24. g5 Qc7 25. h6 g6 26. Qc3 1-0

[Event "61. BEM 2007"]
[Site "Dortmund"]
[Date "2007.03.08"]
[Round "6.13"]
[White "Schultz, Bernfried"]
[Black "Stiebel, Erhard"]
[Result "1-0"]
[WhiteElo "1708"]
[BlackElo "1384"]
[PlyCount "53"]
[EventDate "2007.??.??"]
[Source "SG Dortmund"]
[SourceDate "2004.12.16"]

1. e4 d6 2. d4 g6 3. f4 Bg7 4. Nf3 Nf6 5. Bd3 O-O 6. O-O c5 7. d5 Qb6 8. c4 Na6
9. a3 Bd7 10. Nc3 Ng4 11. Qc2 Rae8 12. h3 Nh6 13. Be3 Qd8 14. f5 e6 15. f6 Nf5
16. exf5 Bxf6 17. Bh6 Bg7 18. Bxg7 Kxg7 19. dxe6 fxe6 20. fxg6 hxg6 21. Bxg6
Re7 22. Rae1 Be8 23. Bxe8 Qxe8 24. Re4 Rf6 25. Qd3 Rg6 26. Nh4 Rh6 27. Rg4+ 1-0

[Event "61. BEM 2007"]
[Site "Dortmund"]
[Date "2007.03.08"]
[Round "6.14"]
[White "Ackerhans, Gerd"]
[Black "Ziemek, Gerhard"]
[Result "0-1"]
[WhiteElo "1476"]
[BlackElo "1690"]
[PlyCount "116"]
[EventDate "2007.??.??"]
[Source "SG Dortmund"]
[SourceDate "2004.12.16"]

1. c4 e5 2. d3 Nc6 3. Nc3 d6 4. g3 f5 5. e3 Nf6 6. Bg2 Be7 7. Nge2 O-O 8. O-O
Bd7 9. a3 a6 10. b4 Rb8 11. Qc2 Be6 12. Rb1 Na7 13. Qa4 Bd7 14. Qb3 Be6 15. Qa4
c6 16. b5 cxb5 17. cxb5 Qd7 18. bxa6 Qxa4 19. Nxa4 bxa6 20. Bd2 Nb5 21. Ra1 d5
22. Bb4 Bxb4 23. axb4 Nd7 24. Rfc1 Rfc8 25. Rxc8+ Rxc8 26. Rc1 Rxc1+ 27. Nxc1
Na3 28. Nb3 d4 29. Nbc5 dxe3 30. fxe3 Nxc5 31. Nxc5 Bc8 32. Bd5+ Kf8 33. Bb3
Ke7 34. Kf2 Kd6 35. d4 Nb5 36. dxe5+ Kxe5 37. Kf3 h6 38. Nd3+ Kf6 39. Nc5 Nd6
40. e4 Ke5 41. exf5 Nxf5 42. Ba4 Nd4+ 43. Ke3 Kd5 44. Nb3 Nc2+ 45. Kd2 Nxb4 46.
Kc3 Nc6 47. Nd2 Ne5 48. Bb3+ Kc5 49. Ne4+ Kc6 50. Ba4+ Kd5 51. Nd2 Ng4 52. h4
Ne3 53. Bb3+ Ke5 54. Nc4+ Nxc4 55. Bxc4 Ke4 56. Be2 Ke3 57. Bh5 Kf2 58. g4 Kg3
0-1

[Event "61. BEM 2007"]
[Site "Dortmund"]
[Date "2007.03.08"]
[Round "6.15"]
[White "Duschek, Günter"]
[Black "Reusche, Horst"]
[Result "1/2-1/2"]
[WhiteElo "1633"]
[BlackElo "1900"]
[PlyCount "37"]
[EventDate "2007.??.??"]
[Source "SG Dortmund"]
[SourceDate "2004.12.16"]

1. d4 b6 2. Nf3 Bb7 3. Bf4 e6 4. e3 Nf6 5. Bd3 d6 6. Nbd2 Be7 7. O-O O-O 8. h3
c5 9. c3 Nh5 10. Bh2 g6 11. Ne4 f5 12. Ng3 Ng7 13. a4 Nc6 14. Ne2 g5 15. Nd2
Qe8 16. f4 h6 17. e4 cxd4 18. Nxd4 Nxd4 19. cxd4 1/2-1/2

[Event "61. BEM 2007"]
[Site "Dortmund"]
[Date "2007.03.08"]
[Round "6.16"]
[White "Grube, Jörg"]
[Black "Reinacher, Detlev"]
[Result "1-0"]
[WhiteElo "1829"]
[BlackElo "1480"]
[PlyCount "65"]
[EventDate "2007.??.??"]
[Source "SG Dortmund"]
[SourceDate "2004.12.16"]

1. e4 d6 2. d4 g6 3. Nf3 Bg7 4. c3 Nf6 5. Bd3 c6 6. O-O Nbd7 7. e5 dxe5 8. dxe5
Ng4 9. e6 fxe6 10. h3 Nge5 11. Nd4 Nc5 12. Bc2 O-O 13. Qe2 Nf7 14. Rd1 Qc7 15.
Nd2 e5 16. N4b3 Ne6 17. Ne4 Nf4 18. Qe1 Nd6 19. Nbc5 b6 20. Nd3 Nf5 21. f3 h6
22. g4 Nxd3 23. Bxd3 Nd6 24. Nxd6 exd6 25. Bxg6 Rxf3 26. Qh4 d5 27. Bxh6 e4 28.
Bh7+ Kf8 29. Rf1 Bxh6 30. Qxh6+ Ke7 31. Rxf3 exf3 32. Re1+ Kf7 33. Qg6+ 1-0

[Event "61. BEM 2007"]
[Site "Dortmund"]
[Date "2007.03.08"]
[Round "6.17"]
[White "Gegner, Michael"]
[Black "Grewe, Markus"]
[Result "0-1"]
[WhiteElo "1517"]
[BlackElo "1766"]
[PlyCount "92"]
[EventDate "2007.??.??"]
[Source "SG Dortmund"]
[SourceDate "2004.12.16"]

1. d4 d5 2. e4 dxe4 3. Nc3 Nf6 4. f3 e3 5. Bxe3 e6 6. Bd3 Bd6 7. Nge2 Nc6 8. a3
a6 9. Qd2 b5 10. b4 Bb7 11. Bg5 Ne7 12. Bxf6 gxf6 13. Ne4 Nd5 14. Nxd6+ Qxd6
15. Ng3 f5 16. O-O Rg8 17. Rae1 O-O-O 18. c4 Nf4 19. d5 Nxd3 20. Qxd3 bxc4 21.
Qxc4 Bxd5 22. Qc2 h5 23. Nxh5 Rh8 24. Ng3 Rdg8 25. Rc1 Rxg3 26. hxg3 Qxg3 27.
Rf2 c6 28. a4 Qh2+ 29. Kf1 Qe5 30. Kg1 Rh4 31. b5 axb5 32. axb5 Bc4 33. f4 Qh8
34. Rf3 cxb5 35. Kf2 Qd4+ 36. Kg3 Rg4+ 37. Kh2 Rxf4 38. Rd1 Rh4+ 39. Kg3 Qg7+
40. Kf2 Re4 41. Rd2 Qe5 42. Qd1 Bd5 43. Rfd3 Rg4 44. Qc1+ Kd7 45. Kg1 Qe4 46.
Rc3 Rxg2+ 0-1

[Event "61. BEM 2007"]
[Site "Dortmund"]
[Date "2007.03.08"]
[Round "6.18"]
[White "Dörre, Niels"]
[Black "Raskin, Vitali"]
[Result "0-1"]
[WhiteElo "1374"]
[BlackElo "1678"]
[PlyCount "90"]
[EventDate "2007.??.??"]
[Source "SG Dortmund"]
[SourceDate "2004.12.16"]

1. c4 e5 2. Nc3 Nf6 3. d3 Nc6 4. Nf3 h6 5. g3 g5 6. Bg2 d5 7. cxd5 Nxd5 8. Nxd5
Qxd5 9. O-O Qb5 10. a3 Bg7 11. Rb1 O-O 12. b4 Nd4 13. Nxd4 exd4 14. Qc2 c6 15.
Bb2 a5 16. Ba1 axb4 17. Rxb4 Qf5 18. f4 g4 19. a4 Rd8 20. Rc4 Be6 21. Rc5 Bd5
22. Bxd5 Rxd5 23. Rc4 b5 24. axb5 cxb5 25. Rb4 Qe6 26. Qd2 Rc5 27. Bxd4 Bxd4+
28. Rxd4 Ra2 29. Rd8+ Kh7 30. Qb4 Qxe2 31. Qe4+ Qxe4 32. dxe4 Rcc2 33. Rb1 Rg2+
34. Kf1 Rxh2 35. Kg1 Rhg2+ 36. Kf1 Rxg3 37. Rxb5 Rf3+ 38. Kg1 Rxf4 39. Rf5 Rxf5
40. exf5 Kg7 41. Rd4 h5 42. Kf1 Ra5 43. Rf4 Kf6 44. Kg2 Rxf5 45. Rxf5+ Kxf5 0-1

[Event "61. BEM 2007"]
[Site "Dortmund"]
[Date "2007.03.08"]
[Round "6.19"]
[White "Volmer, Martin"]
[Black "Grawe, Herbert"]
[Result "0-1"]
[WhiteElo "1657"]
[BlackElo "1445"]
[PlyCount "50"]
[EventDate "2007.??.??"]
[Source "SG Dortmund"]
[SourceDate "2004.12.16"]

1. d4 Nc6 2. e4 e5 3. d5 Nce7 4. c4 Ng6 5. Nc3 a6 6. Be3 Nf6 7. Be2 Bb4 8. Qc2
Nh4 9. Bf3 Nxf3+ 10. Nxf3 Ng4 11. Bd2 Bc5 12. O-O d6 13. Bg5 f6 14. Bh4 g5 15.
Bg3 h5 16. h3 Nh6 17. Nd2 h4 18. Bh2 g4 19. hxg4 Bxg4 20. a3 f5 21. b4 Bd4 22.
Rfe1 Qg5 23. Nb3 Bf3 24. g3 hxg3 25. Nxd4 gxh2+ 0-1

[Event "61. BEM 2007"]
[Site "Dortmund"]
[Date "2007.03.08"]
[Round "6.20"]
[White "Benke, Werner"]
[Black "Stepke, Horst P"]
[Result "1/2-1/2"]
[WhiteElo "1501"]
[BlackElo "1636"]
[PlyCount "68"]
[EventDate "2007.??.??"]
[Source "SG Dortmund"]
[SourceDate "2004.12.16"]

1. e4 e5 2. Nf3 Nc6 3. Bb5 a6 4. Bxc6 dxc6 5. O-O Bd6 6. d4 exd4 7. Qxd4 f6 8.
h3 Be6 9. Be3 Nh6 10. Nc3 Nf7 11. Ne2 O-O 12. Nf4 Qe7 13. Rfd1 Rfd8 14. Qc3 Ne5
15. Nxe6 Nxf3+ 16. gxf3 Qxe6 17. Qb3 Qxb3 18. axb3 Kf7 19. Kg2 c5 20. Rd3 b6
21. f4 Re8 22. f3 a5 23. Kf2 Rac8 24. Rad1 Re6 25. Rd5 Rce8 26. h4 h6 27. h5
R6e7 28. Rg1 Kf8 29. Rg6 Rf7 30. Rd1 Kg8 31. Rdg1 Kh7 32. Rd1 Kh8 33. Rdg1 Kh7
34. Rd1 Kh8 1/2-1/2

[Event "61. BEM 2007"]
[Site "Dortmund"]
[Date "2007.03.08"]
[Round "6.21"]
[White "Bollmann, Marcel"]
[Black "Watzlawek, Volker"]
[Result "0-1"]
[WhiteElo "1280"]
[BlackElo "1636"]
[PlyCount "68"]
[EventDate "2007.??.??"]
[Source "SG Dortmund"]
[SourceDate "2004.12.16"]

1. e4 e6 2. d4 d5 3. Nc3 Nf6 4. Bg5 dxe4 5. Nxe4 Be7 6. Nc3 O-O 7. Nf3 b6 8.
Qd3 Ba6 9. Qd2 Bxf1 10. Rxf1 Nbd7 11. O-O-O c6 12. Qf4 Qc8 13. Qg3 Rd8 14. Rfe1
b5 15. Bh6 Nh5 16. Qh3 Nhf6 17. Qg3 Bf8 18. Ne4 Qb8 19. Nxf6+ Nxf6 20. Ne5 Qc7
21. Qg5 Rd5 22. Re3 Rad8 23. Qh4 c5 24. Ng4 Nxg4 25. Qxg4 Rxd4 26. Rxd4 Rxd4
27. Qg3 Qa5 28. c3 Rd8 29. a3 b4 30. cxb4 cxb4 31. Re5 Qc7+ 32. Kb1 Rd1+ 33.
Ka2 Qc4+ 34. Qb3 Ra1+ 0-1

[Event "61. BEM 2007"]
[Site "Dortmund"]
[Date "2007.03.08"]
[Round "6.22"]
[White "Schaefer, Ulrich"]
[Black "Hardt, Helmut"]
[Result "0-1"]
[WhiteElo "1347"]
[BlackElo "1793"]
[PlyCount "52"]
[EventDate "2007.??.??"]
[Source "SG Dortmund"]
[SourceDate "2004.12.16"]

1. e4 c6 2. d4 d5 3. Nc3 dxe4 4. Nxe4 Nf6 5. Nxf6+ exf6 6. Be3 Bd6 7. Nf3 O-O
8. Bd3 Re8 9. O-O Bg4 10. h3 Bh5 11. g4 Bg6 12. Bxg6 fxg6 13. c3 Qc7 14. Qd3
Nd7 15. Rae1 Nf8 16. Re2 h5 17. Rfe1 hxg4 18. hxg4 Qd7 19. Qc4+ Kh8 20. Nh2
Bxh2+ 21. Kxh2 Qxg4 22. Rh1 Nh7 23. Qd3 Re4 24. Rg1 Qh4+ 25. Kg2 Rg4+ 26. Kf1
Qh3+ 0-1

[Event "61. BEM 2007"]
[Site "Dortmund"]
[Date "2007.03.08"]
[Round "6.23"]
[White "Holtmann, Rainer"]
[Black "Bötzel, Sascha"]
[Result "1/2-1/2"]
[WhiteElo "1679"]
[BlackElo "1333"]
[PlyCount "58"]
[EventDate "2007.??.??"]
[Source "SG Dortmund"]
[SourceDate "2004.12.16"]

1. e4 e5 2. Nf3 Nf6 3. Nc3 Nc6 4. a3 Bc5 5. Nxe5 Nxe5 6. d4 Bd6 7. f4 Nxe4 8.
Nxe4 Ng6 9. Nxd6+ cxd6 10. Qe2+ Ne7 11. Bd2 O-O 12. O-O-O Re8 13. Qh5 d5 14.
Bd3 g6 15. Qg5 d6 16. g4 Nc6 17. Qxd8 Rxd8 18. c3 Bxg4 19. Rdf1 Ne7 20. Re1 Re8
21. Bb5 Nc6 22. Bd3 Ne7 23. Bb5 Nc6 24. Rxe8+ Rxe8 25. Re1 Rxe1+ 26. Bxe1 Bf5
27. Bh4 Kf8 28. Kd2 Ke8 29. Bf6 Kd7 1/2-1/2

[Event "61. BEM 2007"]
[Site "Dortmund"]
[Date "2007.03.08"]
[Round "6.24"]
[White "Hast, Stefan"]
[Black "Noori, Mir Ahmad"]
[Result "0-1"]
[WhiteElo "1161"]
[BlackElo "1601"]
[PlyCount "78"]
[EventDate "2007.??.??"]
[Source "SG Dortmund"]
[SourceDate "2004.12.16"]

1. e4 e6 2. d4 g6 3. Nf3 Bg7 4. Bf4 Ne7 5. Bc4 a6 6. Nc3 c6 7. O-O d5 8. exd5
cxd5 9. Bb3 Nbc6 10. Be5 Nxe5 11. Nxe5 O-O 12. Nf3 Bd7 13. Ne5 Nf5 14. Nxd7
Qxd7 15. Ne2 Qc7 16. c3 b5 17. Bc2 Nd6 18. Bd3 Qb6 19. f4 b4 20. Rb1 a5 21. a4
Rfc8 22. Qd2 Rc7 23. Kh1 Rac8 24. Rfc1 Rb7 25. Qe1 Qa7 26. Qd2 Qb8 27. Qe1 Nc4
28. Bxc4 Rxc4 29. Qd2 b3 30. Ra1 Qe8 31. Qd1 Rxa4 32. Rxa4 Qxa4 33. Ra1 Qb5 34.
Nc1 Bf8 35. Qd3 Qb6 36. Ra4 Bd6 37. Ne2 Rb8 38. g3 Ra8 39. Qb1 Qb5 0-1

[Event "61. BEM 2007"]
[Site "Dortmund"]
[Date "2007.03.08"]
[Round "6.25"]
[White "Zabel, Reinhard"]
[Black "Krüger, Inge"]
[Result "1/2-1/2"]
[WhiteElo "1427"]
[BlackElo "1253"]
[PlyCount "107"]
[EventDate "2007.??.??"]
[Source "SG Dortmund"]
[SourceDate "2004.12.16"]

1. e4 e6 2. d4 d5 3. exd5 exd5 4. Nf3 Nf6 5. Bd3 Be7 6. O-O O-O 7. Nc3 c6 8.
Re1 Bg4 9. Bg5 Nbd7 10. h3 Bh5 11. Re3 Re8 12. Qe2 h6 13. Bh4 Ne4 14. Bxe7 Qxe7
15. Nxe4 Bxf3 16. Qxf3 dxe4 17. Bxe4 Qf8 18. Rae1 Nf6 19. Qe2 Rad8 20. c3 Qd6
21. Bc2 Qd7 22. Qd3 Kf8 23. Qf5 Qxf5 24. Bxf5 Rxe3 25. fxe3 b6 26. Bc2 Re8 27.
Kf2 Nd5 28. Kf3 g6 29. e4 g5 30. Bb3 Nf4 31. Bc2 f6 32. h4 Kg7 33. g3 Ng6 34.
h5 Nf8 35. Bb3 Nd7 36. c4 Re7 37. Ba4 Nb8 38. b4 a6 39. Bc2 Nd7 40. a4 c5 41.
bxc5 bxc5 42. Rd1 cxd4 43. Rxd4 Ne5+ 44. Kg2 Rc7 45. Bd3 Nxd3 46. Rxd3 Rxc4 47.
Rd7+ Kg8 48. Rd6 Rxa4 49. Rxf6 Kg7 50. Rb6 a5 51. Kf3 Ra3+ 52. Kg4 Re3 53. Kf5
Rf3+ 54. Kg4 1/2-1/2

[Event "61. BEM 2007"]
[Site "Dortmund"]
[Date "2007.03.08"]
[Round "6.26"]
[White "Rutmann, Ulrich"]
[Black "Strotmann, Dieter"]
[Result "1/2-1/2"]
[WhiteElo "1367"]
[BlackElo "1320"]
[PlyCount "52"]
[EventDate "2007.??.??"]
[Source "SG Dortmund"]
[SourceDate "2004.12.16"]

1. e4 e6 2. d4 d5 3. exd5 exd5 4. Nf3 Nf6 5. Be2 Be7 6. O-O O-O 7. Be3 Bf5 8.
c4 c6 9. Nc3 Nbd7 10. c5 Ne4 11. Nxe4 Bxe4 12. Bd3 f5 13. Bf4 b6 14. b4 bxc5
15. bxc5 Bf6 16. Be2 Qa5 17. Re1 Rfe8 18. Bd6 Bxf3 19. gxf3 Qb4 20. Qd3 Qxd4
21. Qxf5 Nxc5 22. Rad1 Qb4 23. Rc1 Bc3 24. Bd3 Rxe1+ 25. Rxe1 g6 26. Bxc5 gxf5
1/2-1/2

[Event "61. BEM 2007"]
[Site "Dortmund"]
[Date "2007.03.08"]
[Round "6.27"]
[White "Gennat, Egon L"]
[Black "Müller, Michaela"]
[Result "1-0"]
[WhiteElo "1518"]
[BlackElo "1005"]
[PlyCount "41"]
[EventDate "2007.??.??"]
[Source "SG Dortmund"]
[SourceDate "2004.12.16"]

1. d4 e6 2. e4 d5 3. Nc3 c5 4. Bf4 Nc6 5. Nb5 a6 6. Nc7+ Kd7 7. exd5 exd5 8. g3
g6 9. dxc5 Bxc5 10. Bh3+ Ke7 11. Nxd5+ Kf8 12. Bg2 Be6 13. Nf3 Nf6 14. Bh6+ Ke8
15. Nf4 Qxd1+ 16. Rxd1 Rd8 17. O-O Rxd1 18. Rxd1 Ke7 19. Nxe6 fxe6 20. Re1 Kf7
21. Ng5+ 1-0

[Event "61. BEM 2007"]
[Site "Dortmund"]
[Date "2007.03.08"]
[Round "6.28"]
[White "Dirks, Rainer"]
[Black "Schröder, Marcel"]
[Result "0-1"]
[WhiteElo "979"]
[BlackElo "1440"]
[PlyCount "42"]
[EventDate "2007.??.??"]
[Source "SG Dortmund"]
[SourceDate "2004.12.16"]

1. e4 d5 2. d3 dxe4 3. Nc3 exd3 4. Bxd3 e5 5. Nf3 Nc6 6. O-O Bd6 7. Bb5 Bd7 8.
Bc4 Nf6 9. Ng5 O-O 10. Nd5 h6 11. Nxf6+ Qxf6 12. Ne4 Qg6 13. Bd3 f5 14. Nxd6
cxd6 15. c4 e4 16. Bc2 f4 17. Qd5+ Be6 18. Qxd6 Rad8 19. Qa3 f3 20. g3 Qf5 21.
Be3 Qh3 0-1

[Event "61. BEM 2007"]
[Site "Dortmund"]
[Date "2007.03.08"]
[Round "6.29"]
[White "Milonas, Georgios"]
[Black "Clausen, Dirk"]
[Result "1/2-1/2"]
[WhiteElo "1398"]
[BlackElo "1370"]
[PlyCount "161"]
[EventDate "2007.??.??"]
[Source "SG Dortmund"]
[SourceDate "2004.12.16"]

1. e4 e5 2. Nf3 Nc6 3. Bb5 d6 4. O-O Nf6 5. Re1 Be7 6. c3 a6 7. Ba4 b5 8. Bc2
O-O 9. h3 Na5 10. d3 c5 11. b4 cxb4 12. cxb4 Nc6 13. a3 Bb7 14. d4 exd4 15.
Nxd4 Ne5 16. Nf5 Qd7 17. Nxe7+ Qxe7 18. Bg5 h6 19. Bh4 Ng6 20. Bxf6 Qxf6 21.
Nd2 Rac8 22. e5 dxe5 23. Ne4 Qc6 24. Rc1 Kh8 25. f3 Rfd8 26. Qe2 Qc4 27. Qxc4
Rxc4 28. Nc5 Bc8 29. Bb3 Rxc1 30. Rxc1 Nf4 31. Rc2 Bf5 32. Ra2 Be6 33. Bxe6
Nxe6 34. Nxa6 Ra8 35. Nc5 Nxc5 36. bxc5 b4 37. a4 b3 38. Rb2 Rxa4 39. Rxb3 Rc4
40. Rb5 Kg8 41. Rb8+ Kh7 42. Rc8 Kg6 43. Kf2 Kf6 44. Ke3 Ke7 45. Kd3 Rd4+ 46.
Ke3 f5 47. Rc7+ Rd7 48. Rc8 Ra7 49. Rg8 Ke6 50. Kf2 Rc7 51. Re8+ Kd5 52. Kf1
Rxc5 53. Rd8+ Ke6 54. Kf2 f4 55. Rd2 h5 56. h4 Kf5 57. Rd7 g6 58. Rf7+ Ke6 59.
Ra7 Kf6 60. Rd7 Rc6 61. Rd8 Kf5 62. Rf8+ Rf6 63. Rd8 Re6 64. Rf8+ Rf6 65. Rd8
Ra6 66. Rf8+ Ke6 67. Re8+ Kd5 68. Rd8+ Rd6 69. Re8 Re6 70. Rd8+ Kc6 71. Rc8+
Kd7 72. Rc4 Rd6 73. Re4 Rd2+ 74. Kg1 Ke6 75. Rb4 Kf5 76. Rb8 Rd4 77. Rf8+ Ke6
78. Re8+ Kf6 79. Kf2 Kf7 80. Rxe5 Kf6 81. Ra5 1/2-1/2

[Event "61. BEM 2007"]
[Site "Dortmund"]
[Date "2007.03.08"]
[Round "6.30"]
[White "Wodzinski, Kristin"]
[Black "Pachura, Karl-Heinz"]
[Result "0-1"]
[WhiteElo "1057"]
[BlackElo "1332"]
[PlyCount "152"]
[EventDate "2007.??.??"]
[Source "SG Dortmund"]
[SourceDate "2004.12.16"]

1. d4 d5 2. c4 e6 3. Nc3 c6 4. Nf3 Nf6 5. Bg5 Be7 6. e3 Nbd7 7. cxd5 exd5 8.
Bd3 h6 9. Bf4 Nh5 10. Ne2 Bb4+ 11. Nd2 Nxf4 12. Nxf4 Nf6 13. O-O Bxd2 14. Qxd2
Ne4 15. Qe2 Qg5 16. f3 Nf6 17. Qf2 h5 18. h4 Qh6 19. Qg3 O-O 20. Rfe1 Bd7 21.
e4 dxe4 22. fxe4 Ng4 23. e5 Rae8 24. Nh3 b5 25. Ng5 g6 26. Rac1 Qg7 27. Be4 Rc8
28. Bf3 Rfd8 29. d5 cxd5 30. Bxd5 Be8 31. Rxc8 Rxc8 32. e6 Qd4+ 33. Kf1 Qxd5
34. Qf4 Qf5 35. exf7+ Bxf7 36. Qxf5 gxf5 37. Re7 Rc1+ 38. Ke2 Rc2+ 39. Kd1 Rxb2
40. Rxf7 Rxa2 41. Rb7 a6 42. Rb8+ Kg7 43. Rb7+ Kf6 44. Nh7+ Ke5 45. Re7+ Kf4
46. Rf7 Ne3+ 47. Kc1 Nxg2 48. Kb1 Ra3 49. Kb2 b4 50. Nf6 Nxh4 51. Nd5+ Ke5 52.
Nxb4 Rh3 53. Rh7 Ng6 54. Nxa6 f4 55. Nc5 f3 56. Nd3+ Kd4 57. Nf2 Rh2 58. Rd7+
Ke3 59. Rd3+ Kxf2 60. Kc1 Nf4 61. Rd2+ Kg3 62. Rxh2 Kxh2 63. Kd1 Kg2 64. Ke1
f2+ 65. Kd2 f1=Q 66. Ke3 h4 67. Kd2 h3 68. Ke3 h2 69. Kd2 h1=R 70. Ke3 Rh3+ 71.
Ke4 Qf3+ 72. Kd4 Rh5 73. Kc4 Qd5+ 74. Kc3 Rh3+ 75. Kb4 Rb3+ 76. Ka4 Qb5# 0-1

[Event "61. BEM 2007"]
[Site "Dortmund"]
[Date "2007.03.08"]
[Round "6.31"]
[White "Dedeck, Sylvia"]
[Black "Marienfeld, Udo"]
[Result "1-0"]
[WhiteElo "1034"]
[BlackElo "1349"]
[PlyCount "49"]
[EventDate "2007.??.??"]
[Source "SG Dortmund"]
[SourceDate "2004.12.16"]

1. d4 b6 2. c4 Bb7 3. Nf3 e6 4. Nc3 Nf6 5. Bg5 h6 6. Bh4 g5 7. Bg3 Bb4 8. a3
Bxc3+ 9. bxc3 d6 10. e3 Ne4 11. Qc2 Qf6 12. Be2 h5 13. h3 Nxg3 14. fxg3 g4 15.
hxg4 hxg4 16. Rxh8+ Qxh8 17. Nh4 Nd7 18. Bxg4 Bxg2 19. Qxg2 O-O-O 20. Qa8+ Nb8
21. Bf3 Kd7 22. Qxa7 Qg7 23. Kf2 Rg8 24. Rg1 Nc6 25. Qa4 1-0

[Event "61. BEM 2007"]
[Site "Dortmund"]
[Date "2007.03.08"]
[Round "6.32"]
[White "Kiauka, Richard"]
[Black "Eickmann, Martin"]
[Result "1-0"]
[WhiteElo "1200"]
[BlackElo "778"]
[PlyCount "27"]
[EventDate "2007.??.??"]
[Source "SG Dortmund"]
[SourceDate "2004.12.16"]

1. e4 e5 2. Nf3 Nc6 3. a3 Nf6 4. Nc3 d5 5. exd5 Ne7 6. Nxe5 b6 7. Bb5+ Bd7 8.
Nxd7 Nxd7 9. Qe2 c6 10. dxc6 Nc5 11. c7+ Nd7 12. cxd8=Q+ Rxd8 13. Nd5 g6 14.
Nf6# 1-0

[Event "61. BEM 2007"]
[Site "Dortmund"]
[Date "2007.03.08"]
[Round "6.33"]
[White "Rabe, Mark"]
[Black "Schoppe, Hans-Werner"]
[Result "1/2-1/2"]
[WhiteElo "1004"]
[BlackElo "1178"]
[PlyCount "44"]
[EventDate "2007.??.??"]
[Source "SG Dortmund"]
[SourceDate "2004.12.16"]

1. Nf3 Nf6 2. g3 g6 3. Bg2 Bg7 4. c4 c5 5. Nc3 Nc6 6. O-O O-O 7. d3 e6 8. e4 e5
9. b3 d6 10. Rb1 Bg4 11. a3 Nd4 12. b4 Nxf3+ 13. Bxf3 Bh3 14. Bg2 Qd7 15. Bxh3
Qxh3 16. f3 Qc8 17. bxc5 Qxc5+ 18. Kg2 b6 19. Na4 Qc6 20. Nc3 Nd7 21. Nd5 Rfe8
22. Nb4 Qc7 1/2-1/2

[Event "61. BEM 2007"]
[Site "Dortmund"]
[Date "2007.03.12"]
[Round "7.1"]
[White "Kartsev, Soel"]
[Black "Schütte, Tobias"]
[Result "1-0"]
[WhiteElo "2180"]
[BlackElo "1886"]
[PlyCount "49"]
[EventDate "2007.??.??"]
[Source "SG Dortmund"]
[SourceDate "2004.12.16"]

1. b3 d5 2. Bb2 e6 3. Nf3 f5 4. d3 Nf6 5. Nbd2 Bc5 6. a3 a5 7. e3 O-O 8. Be2
Nbd7 9. O-O Qe8 10. c4 c6 11. Ne5 Nxe5 12. Bxe5 Qe7 13. Qc1 Bd7 14. Qb2 Be8 15.
Bf3 Nd7 16. Bc3 Bd6 17. e4 Nc5 18. e5 Bc7 19. Qc2 Qg5 20. b4 Nd7 21. d4 Bh5 22.
cxd5 exd5 23. bxa5 Bxa5 24. Rab1 Bb6 25. e6 1-0

[Event "61. BEM 2007"]
[Site "Dortmund"]
[Date "2007.03.12"]
[Round "7.2"]
[White "Tkachuk, Konstantyn"]
[Black "Fiebig, Thomas"]
[Result "0-1"]
[WhiteElo "2090"]
[BlackElo "2331"]
[PlyCount "70"]
[EventDate "2007.??.??"]
[Source "SG Dortmund"]
[SourceDate "2004.12.16"]

1. e4 e6 2. d4 d5 3. exd5 exd5 4. Nf3 Nf6 5. Bd3 c5 6. O-O Be7 7. dxc5 O-O 8.
Nbd2 a5 9. h3 Nbd7 10. Nb3 a4 11. Nbd4 Nxc5 12. Nf5 Nxd3 13. Nxe7+ Qxe7 14.
Qxd3 h6 15. Re1 Be6 16. a3 Rfd8 17. Nd4 Ne4 18. f3 Nd6 19. Bd2 Qd7 20. Bb4 Nc4
21. b3 axb3 22. cxb3 Nd6 23. Re5 Ra6 24. Rae1 Nc4 25. R5e2 Nxa3 26. f4 Qc7 27.
f5 Bd7 28. f6 Nb5 29. Nxb5 Qb6+ 30. Kh1 Qxb5 31. Qg3 Rxf6 32. Be7 Rg6 33. Qf3
Re8 34. Rf2 Be6 35. Rxe6 fxe6 0-1

[Event "61. BEM 2007"]
[Site "Dortmund"]
[Date "2007.03.12"]
[Round "7.3"]
[White "Woestmann, Ulrich"]
[Black "Tkachuk, Sergiy"]
[Result "1-0"]
[WhiteElo "1927"]
[BlackElo "2106"]
[PlyCount "89"]
[EventDate "2007.??.??"]
[Source "SG Dortmund"]
[SourceDate "2004.12.16"]

1. e4 c5 2. c3 g6 3. d4 cxd4 4. cxd4 d5 5. exd5 Nf6 6. Nc3 Nxd5 7. Bc4 Nb6 8.
Bb3 Bg7 9. Be3 O-O 10. Nf3 Nc6 11. h3 Na5 12. O-O Nxb3 13. Qxb3 Be6 14. Qc2 Rc8
15. Qc1 Bd5 16. Qd1 Nc4 17. Nxd5 Qxd5 18. Qe2 Rc6 19. b3 Nd6 20. Rac1 Rfc8 21.
Rc5 Rxc5 22. dxc5 Nf5 23. Rd1 Qe6 24. Ng5 Qc6 25. Qc4 e6 26. Bf4 h6 27. Nf3 g5
28. Be5 Bf8 29. b4 b6 30. h4 bxc5 31. b5 Qb6 32. hxg5 Rd8 33. Rd3 h5 34. g6
Rxd3 35. gxf7+ Kxf7 36. Qxd3 Bd6 37. Qc4 Bxe5 38. Nxe5+ Ke7 39. Nc6+ Kd6 40.
Qf4+ Kd5 41. Qe5+ Kc4 42. Qe2+ Kc3 43. Ne5 Qd6 44. Qc4+ Kb2 45. Nd3+ 1-0

[Event "61. BEM 2007"]
[Site "Dortmund"]
[Date "2007.03.12"]
[Round "7.4"]
[White "Zelt, Jens"]
[Black "Starp, Klaus"]
[Result "1-0"]
[WhiteElo "2063"]
[BlackElo "1936"]
[PlyCount "123"]
[EventDate "2007.??.??"]
[Source "SG Dortmund"]
[SourceDate "2004.12.16"]

1. d4 Nf6 2. Nf3 d5 3. Bf4 Bf5 4. c3 c6 5. Nbd2 e6 6. Qb3 Qb6 7. h3 Ne4 8. e3
Nd7 9. Be2 Be7 10. O-O Nxd2 11. Nxd2 Qxb3 12. Nxb3 a5 13. Nd2 O-O 14. g4 Bg6
15. Kg2 Rfe8 16. Bg3 f6 17. f4 e5 18. f5 Bf7 19. Rf2 a4 20. a3 Ra5 21. Rd1 c5
22. Nf3 exd4 23. exd4 c4 24. Rd2 Ra6 25. Bd1 Nb6 26. Rfe2 Nc8 27. Ne1 Nd6 28.
Bc2 Bf8 29. Rxe8 Bxe8 30. Re2 Bd7 31. Kf3 Rb6 32. Bxd6 Bxd6 33. Bd1 Kf7 34. Ng2
h6 35. Ne3 Bc6 36. Nf1 Bd7 37. Ke3 Ra6 38. Rf2 Ra8 39. Bf3 Re8+ 40. Kd2 Bc6 41.
Bg2 Bc7 42. Ne3 Rd8 43. Rf3 Rd7 44. Nc2 Bd6 45. Ke2 Rd8 46. Bh1 Ra8 47. Kd1 Ke7
48. Re3+ Kf7 49. Re6 Rd8 50. Bg2 g6 51. Re2 gxf5 52. gxf5 Rg8 53. Ne3 Rg3 54.
Bxd5+ Bxd5 55. Nxd5 Rxh3 56. Re6 Rh1+ 57. Ke2 Bf8 58. Rxf6+ Kg7 59. Rb6 h5 60.
Kf2 h4 61. Kg2 Rb1 62. Kh2 1-0